000 00359nam a2200145Ia 4500
003 OSt
005 20240309151702.0
008 170523s9999 xx 000 0 und d
020 _a978-9380097411
040 _cIIMT UNIVERSITY MEERUT
100 _aSrivastava- P.K.
245 0 _aApplied Mathematics
260 _aNew Delhi : Vayu Education
942 _2ddc
_c02
999 _c11658
_d11658